Kenyatta Cabinets (Record no. 107)

MARC details
000 -LEADER
fixed length control field 00424nam a22001337a 4500
008 - FIXED-LENGTH DATA ELEMENTS--GENERAL INFORMATION
fixed length control field 230602b xxu||||| |||| 00| 0 eng d
082 ## - DEWEY DECIMAL CLASSIFICATION NUMBER
Classification number 967.62041
Item number KEN
110 ## - MAIN ENTRY--CORPORATE NAME
Subordinate unit Kenya Yearbook Editorial Board
245 ## - TITLE STATEMENT
Title Kenyatta Cabinets
Remainder of title Drama. Intrigue. Triumph
260 ## - PUBLICATION, DISTRIBUTION, ETC. (IMPRINT)
Place of publication, distribution, etc. Nairobi, Kenya
Name of publisher, distributor, etc. Kenya Yearbook Editorial Board
Date of publication, distribution, etc. 2012
300 ## - PHYSICAL DESCRIPTION
Extent 368p
440 ## - SERIES STATEMENT/ADDED ENTRY--TITLE
Name of part/section of a work The Kenya Yearbook Editorial Board Biography Series
942 ## - ADDED ENTRY ELEMENTS (KOHA)
Source of classification or shelving scheme Dewey Decimal Classification
Koha item type Books
Holdings
Withdrawn status Lost status Source of classification or shelving scheme Damaged status Not for loan Home library Current library Date acquired Total Checkouts Full call number Barcode Date last seen Price effective from Koha item type
    Dewey Decimal Classification     Bunge Tower Library Bunge Tower Library 06/02/2023   967.62041 KEN 1000303 06/02/2023 06/02/2023 Books
LIBRARY OPENING HOURS

When the Parliament is sitting: 8.00a.m - 7.00p.m or until the house adjourns
Mondays and Fridays and when the House is on Recess:  8.00a.m - 5.00p.m
Closed on Weekends and Public Holidays

Online Public Access Catalog (OPAC)
Website: http://www.parliament.go.ke
Bunge Library: https://libraryir.parliament.go.ke
Contact: library@parliament.go.ke | Tel no: (254-2)2221291 or 2848000 Ext 5043